| 000 | 00925nam a22002897a 4500 | ||
|---|---|---|---|
| 001 | BR9701259 | ||
| 003 | BR-BrBNA | ||
| 005 | 20230928095334.0 | ||
| 007 | ta | ||
| 008 | 230509b bl.||||| |||| 00| 0 por d | ||
| 040 |
_aBR-BrBNA _bpor _cBiblioteca Nacional de Agricultura |
||
| 041 | _a(Por) | ||
| 072 |
_aF60 _b3322 |
||
| 090 | _ 3322 BR9701259 | ||
| 100 | 1 | _aFurlan, R.A. | |
| 110 | 1 |
_aEscola Superior de Agricultura Luiz de Queiroz, Piracicaba, SP (Brasil) _0Tese (Mestre em Agronomia) |
|
| 245 | 1 | _aConsumo de agua pela cultura do crisantemo envasado, cultivar Puritan, sob condicoes de estufa | |
| 260 | 3 |
_aPiracicaba, SP (Brasil): _c1996. |
|
| 300 | _a65 p. | ||
| 500 | _a12 illus.; 8 tables; Bibliography p. 55-65; Summaries (Eng, Por) | ||
| 650 | _aCrisantemo | ||
| 650 | _aEvapotranspiracao | ||
| 650 | _aBalanco Hidrico | ||
| 650 | _aEstufa | ||
| 909 |
_a202309 _bLucia _c55 _dLucia Elande |
||
| 942 | _cBK | ||
| 999 |
_c55972 _d55972 |
||